Femmes de France - Statistiques

Statistiques générales
  • Ce quiz a été pris 18 005 fois
    17 916 depuis la dernière actualisation
  • Le résultat moyen est 7 sur 16
Statistiques - réponses
Par images Hint Réponse % Correct
1412-1431 Jeanne d'Arc
97%
1927-2017 Simone Veil
93%
1867-1934 Marie Curie
91%
1755-1793 Marie-Antoinette d'Autriche
90%
1906-1975 Joséphine Baker
54%
1519-1589 Catherine de Médicis
44%
1804-1876 George Sand
33%
1122-1204 Aliénor d'Aquitaine
27%
1748-1793 Olympe de Gouges
27%
1830-1905 Louise Michel
20%
1721-1764 Madame de Pompadour
19%
1477-1514 Anne de Bretagne
18%
1900-1979 Yvonne de Gaulle
17%
1883-1971 Coco Chanel
16%
1188-1252 Blanche de Castille
10%
1912-2007 Lucie Aubrac
7%
Aucun quiz correspondant
Distribution des résultats
% des personnes avec chaque résultat
Percentile par nombre de réponses
Votre historique - résultats
Vous n’avez pas pris ce quiz depuis la dernière actualisation